000 00317pab a2200121 454500
008 180718b xxu||||| |||| 00| 0 eng d
100 _aLowenstein, L.E
245 _aPolice and justice: are they compatible? and what about the victim
650 _a Crime
650 _aPolice
773 _aPolice Journal
909 _a22310
999 _c22310
_d22310